<?xml version="1.0" encoding="UTF-8"?><?xml-stylesheet type="text/xsl" href="static/style.xsl"?><OAI-PMH xmlns="http://www.openarchives.org/OAI/2.0/" xmlns:xsi="http://www.w3.org/2001/XMLSchema-instance" xsi:schemaLocation="http://www.openarchives.org/OAI/2.0/ http://www.openarchives.org/OAI/2.0/OAI-PMH.xsd"><responseDate>2026-06-05T03:55:12Z</responseDate><request verb="GetRecord" identifier="oai:riuma.uma.es:10630/13948" metadataPrefix="marc">https://riuma.uma.es/rest/oai/request</request><GetRecord><record><header><identifier>oai:riuma.uma.es:10630/13948</identifier><datestamp>2026-02-03T12:18:07Z</datestamp><setSpec>com_10630_2254</setSpec><setSpec>col_10630_37959</setSpec></header><metadata><record xmlns="http://www.loc.gov/MARC21/slim" xmlns:dcterms="http://purl.org/dc/terms/" xmlns:doc="http://www.lyncode.com/xoai" xmlns:xsi="http://www.w3.org/2001/XMLSchema-instance" xsi:schemaLocation="http://www.loc.gov/MARC21/slim http://www.loc.gov/standards/marcxml/schema/MARC21slim.xsd">
   <leader>00925njm 22002777a 4500</leader>
   <datafield ind2=" " ind1=" " tag="042">
      <subfield code="a">dc</subfield>
   </datafield>
   <datafield ind2=" " ind1=" " tag="720">
      <subfield code="a">González-Román, María del Carmen</subfield>
      <subfield code="e">author</subfield>
   </datafield>
   <datafield ind2=" " ind1=" " tag="260">
      <subfield code="c">2017-06-20</subfield>
   </datafield>
   <datafield ind2=" " ind1=" " tag="520">
      <subfield code="a">This paper will show the aims and the achievements accomplished, until now, by a research project supported by the Economy and Competitivity Spanish Ministery. On one hand, to advance in the knowledge of “Theatre and Festival”, beyond this traditional pairing, in order to address, in a global and comprehensive way, the analysis of the hybridization of artistic and scenic languages and processes in the context of visual and material European culture in Early Modern Age. On the other hand, the development of this research involves the collaboration of several disciplines, mainly Art History and History of Spectacle, but also Musicology. Each of them, from their own epistemological canon, deals or approaches to the analysis of the appropiations and hybridizations between visuals arts and performing arts. At the same time, given that research involves the contrasted analysis between artistic objects created then as "future-minded" and ephemeral creations known through descriptions, stories, drawings, etc., this project aims to implement a system of virtual visualization so that the research results constitute a new contribution and represent an impact in the field of the humanities, at the same time allowing the proper transfer of knowledge to society.</subfield>
   </datafield>
   <datafield ind1="8" ind2=" " tag="024">
      <subfield code="a">http://hdl.handle.net/10630/13948</subfield>
   </datafield>
   <datafield ind1="8" ind2=" " tag="024">
      <subfield code="a">http://orcid.org/0000-0001-8039-705X</subfield>
   </datafield>
   <datafield tag="653" ind2=" " ind1=" ">
      <subfield code="a">Arte</subfield>
   </datafield>
   <datafield tag="653" ind2=" " ind1=" ">
      <subfield code="a">Proyectos de investigación</subfield>
   </datafield>
   <datafield ind2="0" ind1="0" tag="245">
      <subfield code="a">Appropriations and hybridizations between visuals arts and performing arts in the early modern age: a transdisciplinary research project and a methodological proposal.</subfield>
   </datafield>
</record>
</metadata></record></GetRecord></OAI-PMH>